000 00601nam a22002417a 4500
003 UA-OsUOA
001 65010
007 ta
008 20091112b un ||||| |||| 00| 0 ukr d
100 _aГугля В.
090 _a94(477).04
_bГ87
942 _cBK
040 _aUA-OsUOA
_bukr
_cUA-OsUOA
_dUA-OsUOA
245 _aСуботів Хмельницьких
300 _a64 с.
955 _a4
041 _aukr
080 _a94(477).04
020 _a978-966-2-4642-3
260 _aК.
_c2008
650 7 _a9 Географія. Біографії. Історія
_2UDC
999 _c351115
_d351115